Statistics for Countries With Apple Stores

Click here to take the quiz!

General Stats

  • This quiz has been taken 1,333 times
  • The average score is 13 of 15

Answer Stats

#Country% Correct
257United States
100%
37United Kingdom
96%
29Canada
95%
17France
95%
15China
94%
13Germany
94%
8Japan
92%
11Spain
91%
14Italy
89%
21Australia
86%
1Brazil
78%
3Sweden
74%
3Netherlands
70%
4Switzerland
64%
1Turkey
50%

Score Distribution

Percentile by Number Answered

Percent of People with Each Score

Your Score History

You have not taken this quiz